The Nutrition and health dictionary (Record no. 17148)
[ view plain ]
| 000 -LEADER | |
|---|---|
| fixed length control field | 00268nam a22001097a 4500 |
| 008 - FIXED-LENGTH DATA ELEMENTS--GENERAL INFORMATION | |
| fixed length control field | 140529t xxu||||| |||| 00| 0 eng d |
| 020 ## - INTERNATIONAL STANDARD BOOK NUMBER | |
| International Standard Book Number | 81-239-0478-9 |
| 100 ## - MAIN ENTRY--PERSONAL NAME | |
| Personal name | Percy J. Russell |
| 9 (RLIN) | 910 |
| 245 ## - TITLE STATEMENT | |
| Title | The Nutrition and health dictionary |
| 300 ## - PHYSICAL DESCRIPTION | |
| Extent | 520 |
| 942 ## - ADDED ENTRY ELEMENTS (KOHA) | |
| Source of classification or shelving scheme | |
| Koha item type | Book |
| Withdrawn status | Lost status | Source of classification or shelving scheme | Damaged status | Not for loan | Collection code | Permanent Location | Current Location | Date acquired | Total Checkouts | Barcode | Date last seen | Price effective from | Koha item type |
|---|---|---|---|---|---|---|---|---|---|---|---|---|---|
| Atta-ur-Rahman School of Applied Biosciences (ASAB) | Atta-ur-Rahman School of Applied Biosciences (ASAB) | 05/29/2014 | ASAB2165 | 05/29/2014 | 05/29/2014 | Book |
